An identification method for altered proteins in tissues utilizing fluorescence derivatization, liquid chromatography, tandem mass spectrometry, a database-searching algorithm /

Guardat en:
Dades bibliogràfiques
Autor principal: Toriumi, Chifuyu.
Altres autors: Imai, Kazuhiro.
Format: Article
Idioma:English
Matèries:
Etiquetes: Afegir etiqueta
Sense etiquetes, Sigues el primer a etiquetar aquest registre!
Thư viện lưu trữ: Thư viện Trường Đại học Đà Lạt
LEADER 01038nam a2200325 4500
001 DLU090097202
005 ##20091201
040 # # |a DLU  |b eng 
041 # # |a eng 
044 # # |a us 
100 # # |a Toriumi, Chifuyu.  
245 # # |a An identification method for altered proteins in tissues utilizing fluorescence derivatization, liquid chromatography, tandem mass spectrometry, a database-searching algorithm /  |c Chifuyu Toriumi, Kazuhiro Imai. 
653 # # |a Algorithm 
653 # # |a Data mining 
653 # # |a Fluorescence 
653 # # |a Liquid chromatography 
653 # # |a Mass spectrometry 
653 # # |a Protein 
653 # # |a Tissue 
700 # # |a Imai, Kazuhiro.  
773 # # |t Analytical Chemistry  |g Vol. 75, no. 15 (August 2003), p. 3725-3730 
920 # # |a Phòng Tạp chí -- Trung tâm Thông tin - Thư viện Trường Đại học Đà Lạt 
994 # # |a DLU 
900 # # |a True 
911 # # |a Trương Bảo Trâm Anh 
925 # # |a G 
926 # # |a A 
927 # # |a BB 
980 # # |a Thư viện Trường Đại học Đà Lạt